Welcome to CU Library Online Public Access Catalogue (OPAC)

Baker encyclopedia of Christian apologetics / (Record no. 7211)

MARC details
000 -LEADER
fixed length control field 01003cam a2200277 a 4500
001 - CONTROL NUMBER
control field 1196925
003 - CONTROL NUMBER IDENTIFIER
control field OSt
005 - DATE AND TIME OF LATEST TRANSACTION
control field 20250729173635.0
008 - FIXED-LENGTH DATA ELEMENTS--GENERAL INFORMATION
fixed length control field 980611s1999 miu be 001 0 eng
010 ## - LIBRARY OF CONGRESS CONTROL NUMBER
LC control number 98008735
020 ## - INTERNATIONAL STANDARD BOOK NUMBER
International Standard Book Number 0801021510
040 ## - CATALOGING SOURCE
Original cataloging agency DLC
Transcribing agency DLC
Modifying agency DLC
050 00 - LIBRARY OF CONGRESS CALL NUMBER
Classification number BT1102
Item number .G42 1999
082 00 - DEWEY DECIMAL CLASSIFICATION NUMBER
Classification number 239/.03
Edition information 21
100 1# - MAIN ENTRY--PERSONAL NAME
Personal name Geisler, Norman L.
245 10 - TITLE STATEMENT
Title Baker encyclopedia of Christian apologetics /
Statement of responsibility, etc. Norman L. Geisler.
260 ## - PUBLICATION, DISTRIBUTION, ETC.
Place of publication, distribution, etc. Grand Rapids, Mich. :
Name of publisher, distributor, etc. Baker Books,
Date of publication, distribution, etc. c1999.
300 ## - PHYSICAL DESCRIPTION
Extent vii, 841 p. ;
Dimensions 27 cm.
440 #0 - SERIES STATEMENT/ADDED ENTRY--TITLE
Title Baker reference library
504 ## - BIBLIOGRAPHY, ETC. NOTE
Bibliography, etc. note Includes bibliographical references (p. 792-820) and indexes.
650 #0 - SUBJECT ADDED ENTRY--TOPICAL TERM
Topical term or geographic name entry element Apologetics
General subdivision Encyclopedias.
906 ## - LOCAL DATA ELEMENT F, LDF (RLIN)
a 7
b cbu
c orignew
d 1
e ocip
f 19
g y-gencatlg
942 ## - ADDED ENTRY ELEMENTS (KOHA)
Source of classification or shelving scheme Library of Congress Classification
Koha item type Reference
Suppress in OPAC No
Holdings
Withdrawn status Lost status Source of classification or shelving scheme Damaged status Not for loan Collection Home library Current library Shelving location Date acquired Total checkouts Full call number Barcode Date last seen Copy number Price effective from Koha item type
    Library of Congress Classification     Reference Undergraduate Library (Christ Temple) Undergraduate Library (Christ Temple) General stacks 07/29/2025   BT 1102.G42 GEI ulct00004230 07/29/2025 1 07/29/2025 Reference
    Library of Congress Classification     Reference Undergraduate Library (Christ Temple) Undergraduate Library (Christ Temple) General stacks 07/29/2025   BT 1102.G42 GEI ulct00004231 07/29/2025 2 07/29/2025 Reference
    Library of Congress Classification     Reference Undergraduate Library (Christ Temple) Undergraduate Library (Christ Temple) General stacks 07/29/2025   BT 1102.G42 GEI ulct00004232 07/29/2025 3 07/29/2025 Reference
© 2023-2024 Copyright: Central University Libraries. All Rights Reserved | Created by: Mahone Tech Office